000 00676nam a2200241 a 4500
008
020 _a0333710444 (pbk.)
049 9 9 _aMAIN
090 _aHF5438
100 1 _aDonaldson, Bill
245 1 0 _aSales management :
_btheory and practice /
_cBill Donaldson
250 _a2nd ed.
260 _aLondon :
_bMacmillan,
_cc1965.
300 _axix, 378 p. :
_bill. ;
_c24 cm.
504 _aIncludes bibliographical references.
500 _aIncludes index.
650 0 _aSales management.
907 _a.b10158194
_b26-05-05
_c08-03-05
003
005 20230123133947.0
040 _cNUST
942 _cBOOKS
_kHF5438
999 _c157605
_d157605